| 000 | 00640nam a22002177a 4500 | ||
|---|---|---|---|
| 003 | BD-DhSAU | ||
| 005 | 20230910113331.0 | ||
| 008 | 230621b2023 ii a|||| |||| 001 0 eng d | ||
| 020 | _a9789354617041 | ||
| 040 | _aBD-DhSAU | ||
| 082 |
_222 _a635 Si646 |
||
| 100 |
_aShing, Rajaneesh _dDr. |
||
| 245 |
_aDryland Horticulture: _bPrinciples and practices/ _cRajaneesh Shing and Bijendra Kumar Singh |
||
| 260 |
_aNew Delhi: _bDaya Publishing Houshing. _c2023 |
||
| 300 |
_avii, 173 p. : _bills.; _c22 cm. |
||
| 500 | _aIncludes index. | ||
| 590 | _aroy | ||
| 650 | _aHorticulture | ||
| 700 | _aSingh, Bijendra Kumar | ||
| 942 |
_2ddc _cBOOK |
||
| 999 |
_c17005 _d17004 |
||